000 00370nam a2200181Ia 4500
001 13414
003 GE_BSU
008 181216s||||||||xx |||||||||||||| ||und||
020 _a978057093812
040 _cGE_BSU
100 _aSands,Lynsay
245 _aLove Bites
260 _aLondon
260 _c2004
300 _a400p.20cm.
653 _aLove Bites
942 _cBK
999 _c46575
_d46575